LDR 01262naa#a2200241#i#450# 001 RU\\bibl\125004 005 20260630033738.2 011 ## _a2077-7566 100 ## _a20260629b2026####ek#y0rusy0150####ca 101 0# _aRUS 102 ## _aRU 200 1# _aАНЕСТЕЗИЯ БОЛЬШОГО НЕБНОГО НЕРВА В ОБЛАСТИ НЕБНОГО ОТВЕРСТИЯ: КЛАССИЧЕСКИЕ И СОВРЕМЕННЫЕ МЕТОДИКИ, АНАТОМИЧЕСКОЕ ОБОСНОВАНИЕ (ЛИТЕРАТУРНЫЙ ОБЗОР) _eЖурнальная статья 210 1# _aЕкатеринбург _cИздательский Дом «ТИРАЖ» _d2026 215 ## _a6 с. 608 ## _aЖурнальная статья _2local 675 ## _aСтоматология. Заболевания ротовой полости и зубов. 616.31 _zRUS 686 ## _aКлиническая медицина. 76.29 _2grnti 700 #1 _aШалита _gДанила Сергеевич 700 #1 _aЛапина _gНаталья Викторовна 700 #1 _aОвчаренко _gЕвгения Сергеевна 700 #1 _aУварова _gАнна Георгиевна 700 #1 _aБондаренко _gНиколай Александрович 856 4# _adental-press.ru _u